Сестри Річинські (Запис № 314816)

МАРК-запис
000 -LEADER
fixed length control field 00709nam a22002777a 4500
001 - CONTROL NUMBER
control field 28449
003 - CONTROL NUMBER IDENTIFIER
control field UA-OsUOA
005 - DATE AND TIME OF LATEST TRANSACTION
control field 20210103225124.0
007 - PHYSICAL DESCRIPTION FIXED FIELD--GENERAL INFORMATION
fixed length control field ta
008 - FIXED-LENGTH DATA ELEMENTS--GENERAL INFORMATION
fixed length control field 20050325b un ||||| |||| 00| 0 ukr d
020 ## - INTERNATIONAL STANDARD BOOK NUMBER
International Standard Book Number 9660103204
040 ## - CATALOGING SOURCE
Original cataloging agency UA-OsUOA
Language of cataloging ukr
Transcribing agency UA-OsUOA
Modifying agency UA-OsUOA
041 ## - LANGUAGE CODE
Language code of text/sound track or separate title ukr
044 ## - COUNTRY OF PUBLISHING/PRODUCING ENTITY CODE
MARC country code UA
080 ## - UNIVERSAL DECIMAL CLASSIFICATION NUMBER
Universal Decimal Classification number 821.161.2
090 ## - LOCALLY ASSIGNED LC-TYPE CALL NUMBER (OCLC); LOCAL CALL NUMBER (OCLC)
Classification number (OCLC) (R) ; Classification number, CALL (RLIN) (NR) 821.161.2
Local cutter number (OCLC) ; Book number/undivided call number, CALL (RLIN) В46
100 ## - MAIN ENTRY--PERSONAL NAME
Personal name Вільде І.
245 ## - TITLE STATEMENT
Title Сестри Річинські
Remainder of title роман
Number of part/section of a work кн. 1
260 ## - PUBLICATION, DISTRIBUTION, ETC. (IMPRINT)
Place of publication, distribution, etc К.
Name of publisher, distributor, etc Україна
Date of publication, distribution, etc 2004
300 ## - PHYSICAL DESCRIPTION
Extent 696 с.
650 #7 - SUBJECT ADDED ENTRY--TOPICAL TERM
Source of heading or term 821.161.2
650 #7 - SUBJECT ADDED ENTRY--TOPICAL TERM
Source of heading or term 821.161.2
942 ## - ADDED ENTRY ELEMENTS (KOHA)
Koha item type Книги
Source of classification or shelving scheme Universal Decimal Classification
955 ## - COPY-LEVEL INFORMATION (RLIN)
Classification number, CCAL (RLIN) Літературно-художні видання
Фонди
Withdrawn status Lost status Source of classification or shelving scheme Damaged status Not for loan Home library Current library Date acquired Inventory number Total Checkouts Full call number Barcode Date last seen Price effective from Koha item type Source of acquisition Cost, normal purchase price Collection code
    Universal Decimal Classification     АБ - Абонемент НБ АБ - Абонемент НБ 25/03/2005 84022   821.161.2 В46 84022 21/02/2022 25/03/2005 Книги      
    Universal Decimal Classification     АБ - Абонемент НБ АБ - Абонемент НБ 25/03/2005 84023   821.161.2 В46 84023 21/02/2022 25/03/2005 Книги      
    Universal Decimal Classification     АБ - Абонемент НБ АБ - Абонемент НБ 25/03/2005 84024   821.161.2 В46 84024 21/02/2022 25/03/2005 Книги      
    Universal Decimal Classification     АБ - Абонемент НБ АБ - Абонемент НБ 25/03/2005 84025   821.161.2 В46 84025 21/02/2022 25/03/2005 Книги      
    Universal Decimal Classification     АБ - Абонемент НБ АБ - Абонемент НБ 25/03/2005 84026   821.161.2 В46 84026 21/02/2022 25/03/2005 Книги      
    Universal Decimal Classification     АБ - Абонемент НБ АБ - Абонемент НБ 12/04/2006 95746   821.161.2 В46 95746 21/02/2022 25/03/2005 Книги 34/2006 8.00  
    Universal Decimal Classification     АБ - Абонемент НБ АБ - Абонемент НБ 12/04/2006 95747   821.161.2 В46 95747 21/02/2022 25/03/2005 Книги 34/2006 8.00  
    Universal Decimal Classification     АБ - Абонемент НБ АБ - Абонемент НБ 12/04/2006 95748   821.161.2 В46 95748 21/02/2022 25/03/2005 Книги 34/2006 8.00  
    Universal Decimal Classification     АБ - Абонемент НБ АБ - Абонемент НБ 12/04/2006 95749   821.161.2 В46 95749 21/02/2022 25/03/2005 Книги 34/2006 8.00  
    Universal Decimal Classification     АБ - Абонемент НБ АБ - Абонемент НБ 12/04/2006 95750   821.161.2 В46 95750 21/02/2022 25/03/2005 Книги 34/2006 8.00  
    Universal Decimal Classification     АБ - Абонемент НБ АБ - Абонемент НБ 19/11/2007 109315   821.161.2 В46 109315 21/02/2022 19/11/2007 Книги 198/2007 15.00  
    Universal Decimal Classification     АБ - Абонемент НБ АБ - Абонемент НБ 19/11/2007 109316   821.161.2 В46 109316 21/02/2022 19/11/2007 Книги 198/2007 15.00  
    Universal Decimal Classification     АБ - Абонемент НБ АБ - Абонемент НБ 19/11/2007 109317   821.161.2 В46 109317 21/02/2022 19/11/2007 Книги 198/2007 15.00  
    Universal Decimal Classification     АБ - Абонемент НБ АБ - Абонемент НБ 19/11/2007 109318   821.161.2 В46 109318 21/02/2022 19/11/2007 Книги 198/2007 15.00  
    Universal Decimal Classification     ЧЗ - Читальна зала ЧЗ - Читальна зала 28/09/2010 129645   821.161.2 В55 129645 06/02/2022 28/09/2010 Книги 82/2010 25.00 Колекція Жулинського М.Г.